| 000 | 01014cam a2200181 4500 | ||
|---|---|---|---|
| 001 | x117931 | ||
| 008 | 020510n2002 000 0 eng u | ||
| 035 | _a(Sirsi) u117931 | ||
| 245 | _aR on the application of Westminster CC v SoS Environment Transport and the Regions and Market Cafe plc | ||
| 260 | _c2002 | ||
| 490 |
_aJournal of Planning and Environment Law _v[2002] JPL 58-72(15) |
||
| 520 | _aTown and Country Planning Act 1990 s55. Meaning of building. Inspector followed decisio at first instance in Skerrits of Nottingham Ltd v SoS Environment Transport and the Regions and not CA decision. Planning (Listed Buildings and Conservation Areas) Act 1990. Purpose of annexation. (Taken from abstract) | ||
| 650 | _aRR ON APPLICATION OF WESTMINSTER CC V SOS ENVIRONMENT TRANSPORT AND REGIONS AND MARKET CAFE PLC | ||
| 650 | _aTOWN AND COUNTRY PLANNING ACT 1990 S55 | ||
| 650 | _aPLANNING (LISTED BUILDINGS AND CONSERVATION AREAS) ACT 1990 | ||
| 690 |
_aPlanning and development _96259 |
||
| 942 | _n0 | ||
| 999 |
_c70238 _d70238 |
||